• 首页
  • 本馆介绍
  • 公告通知
  • 最新文献
  • 馆藏检索
  • 电子资源
  • 读者导购
  • 参考咨询
  • 我的图书馆
  • 登录
  • 详细信息显示
  • 放入我的书架
  • 预约/预借图书
  • 作者相关作品
  • 分类相关作品
  • 丛书相关作品
  • 出版社相关作品

书目信息

  • 表格格式
  • 工作单格式
  • 卡片格式
题名:
生姜采后贮藏保鲜与加工技术研究
    
 
作者: 张美霞, , 游玉明 著
分册:  
出版信息: 长春   吉林大学出版社  2019
页数: 182页
开本: 24cm
丛书名:
单 册:
中图分类: S632.5
科图分类:
主题词: 姜--jiang--贮藏--研究 , 姜--jiang--蔬菜加工--研究
电子资源:
ISBN: 978-7-5692-3240-0
000 01119nam0 2200289 450
001 012001003806
005 20131105171308.0
010    @a978-7-5692-3240-0@dCNY48.00
099    @aCAL 012019076111
100    @a20190612d2019 ekmy0chiy50 ea
101 0  @achi
102    @aCN@b220000
105    @aak a 000yy
106    @ar
200 1  @a生姜采后贮藏保鲜与加工技术研究@Asheng jiang cai hou zhu cang bao xian yu jia gong ji shu yan jiu@f张美霞, 游玉明著
210    @a长春@c吉林大学出版社@d2019
215    @a182页@c图@d24cm
320    @a有书目
330    @a以重庆本地种植生姜为主要原料,分析生姜的理化特性,研究生姜采后在不同贮藏温度,不同包装材料,不同涂膜材料,不同干燥方式等处理条件下,生姜品质的变化;同时根据鲜姜品质特性和地域性研究生姜特色休闲食品的加工方法,如糖渍(盐渍、川味)鲜姜片、姜汁饮料、生姜调味品
333    @a生姜储藏加工研究人员
606 0  @a姜@Ajiang@x贮藏@x研究
606 0  @a姜@Ajiang@x蔬菜加工@x研究
690    @aS632.5@v5
701  0 @a张美霞,@Azhang mei xia@f1978-@4著
701  0 @a游玉明@Ayou yu ming@4著
801  0 @aCN@b上海新华@c20191020
905    @b1206713-6@dS632.5@e593@f4
    
    生姜采后贮藏保鲜与加工技术研究/张美霞, 游玉明著.-长春:吉林大学出版社,2019
    182页:图;24cm
    使用对象:生姜储藏加工研究人员
    
    ISBN 978-7-5692-3240-0:CNY48.00
    以重庆本地种植生姜为主要原料,分析生姜的理化特性,研究生姜采后在不同贮藏温度,不同包装材料,不同涂膜材料,不同干燥方式等处理条件下,生姜品质的变化;同时根据鲜姜品质特性和地域性研究生姜特色休闲食品的加工方法,如糖渍(盐渍、川味)鲜姜片、姜汁饮料、生姜调味品
●
相关链接 在E读中查询图书 在五车中查询图书 在当当中查询图书 在豆瓣中查询图书


正题名:生姜采后贮藏保鲜与加工技术研究     索取号:S632.5/593         预约/预借

序号 登录号 条形码 馆藏地/架位号 状态 备注
1 1206713   212067136   第二样本阅览室/ [索取号:S632.5/593] 在馆    
2 1206714   212067145   第三借阅区/ [索取号:S632.5/593] 在馆    
3 1206715   212067154   第三借阅区/ [索取号:S632.5/593] 在馆    
4 1206716   212067163   第三借阅区/ [索取号:S632.5/593] 在馆    
唐山师范学院图书馆 欢迎您!
大连网信软件有限公司© 版权所有